Aplikačné rozhranie platformy Facebook a možnosti integrácie s aplikáciami tretích strán diplomová práca

Gespeichert in:
Bibliographische Detailangaben
1. Verfasser: Graizely, Martin
Körperschaft: Fakulta hospodárskej informatiky EU. Katedra aplikovanej informatiky
Weitere Verfasser: Cárachová, Magdaléna
Format: Buch
Sprache:Slowakisch
Veröffentlicht: Bratislava 2015
Tags: Tag hinzufügen
Keine Tags, Fügen Sie das erste Tag hinzu!

MARC

LEADER 00000nbm a2200000 4500
001 0203431
005 20161212111425.3
041 0 |a slo 
044 |a SK 
245 1 0 |a Aplikačné rozhranie platformy Facebook a možnosti integrácie s aplikáciami tretích strán  |b diplomová práca  |c Martin Graizely ; školiteľ: Magdaléna Cárachová 
264 1 |a Bratislava  |c 2015 
300 |a 70 s. 
100 1 |a Graizely, Martin 
700 1 |a Cárachová, Magdaléna 
710 2 |a Fakulta hospodárskej informatiky EU. Katedra aplikovanej informatiky